000 00341nam a2200133 i 4500
001 bg
100 1 _aJERZMANOWSKA, Zofia
245 0 _aSubstancje roślinne :
_bmetody wyodrębniania /
_cZofia Jerzmanowska. T.2.
260 _aWarszawa,
_c1970.
040 _cBPK
041 _apol
942 _cKS
008 s pl f |000 0 pol
999 _c26546
_d26546
856 _uhttp://koha.tu.koszalin.pl/cgi-bin/koha/opac-detail.pl?biblionumber=26546
_yKatalog online BPK